000 00749nam a2200289Ia 4500
005 20260324114031.0
008 008 260324s9999 xx 000 0 eng d
020 _a9781003443933
037 _aEBOOK
040 _aCRL
040 _beng
040 _cCRL
041 _2eng
041 _aeng
084 _qCRL
100 _aJessie L. Moore; Caroline J. Ketcham; Anthony G. Weaver
_91149164
245 0 _aCultivating Capstones
245 0 _bDesigning High-Quality Culminating Experiences for Student Learning
260 _bTaylor and Francis
260 _c2023
365 _a
365 _b230
856 _uhttp://www.taylorfrancis.com/books/9781003443933
942 _cEBOOK
999 _c1739130
_d1739130